[Event "Pobeskydy"]
[Site "Frydek Mistek"]
[Date "1998.01.29"]
[Round "9"]
[White "Splosnov, Sergei"]
[Black "Kubala, Petr"]
[Result "1/2-1/2"]
[WhiteElo "2335"]
[BlackElo "2315"]
[PlyCount "53"]
[EventDate "1998.01.21"]
[EventType "tourn"]
[EventRounds "9"]
[EventCountry "CZE"]
[EventCategory "4"]
[SourceTitle "CBM 062 Extra"]
[Source "ChessBase"]
[SourceDate "1998.03.09"]
[SourceVersion "1"]
[SourceVersionDate "1998.03.09"]
[SourceQuality "1"]

1. Nf3 Nf6 2. c4 e6 3. g3 b6 4. Bg2 Bb7 5. 0-0 Be7 6. d4 0-0 7. Nc3 Bb4 8. Qc2 Bxc3 9. Qxc3 d6 10. b3 Nbd7 11. Bb2 Ne4 12. Qc2 f5 13. Nd2 Nxd2 14. Qxd2 Bxg2 15. Kxg2 Nf6 16. Rae1 Qe8 17. f3 Qg6 18. Bc1 Rae8 19. Qg5 Qxg5 20. Bxg5 e5 21. dxe5 Rxe5 22. Bd2 Rfe8 23. Kf2 Kf7 24. Bc3 R5e6 25. e3 g5 26. h3 h5 27. Bxf6 1/2-1/2

[Event "Pobeskydy"]
[Site "Frydek Mistek"]
[Date "1998.01.27"]
[Round "7"]
[White "Biolek, Richard"]
[Black "Kubala, Petr"]
[Result "1-0"]
[WhiteElo "2425"]
[BlackElo "2315"]
[PlyCount "87"]
[EventDate "1998.01.21"]
[EventType "tourn"]
[EventRounds "9"]
[EventCountry "CZE"]
[EventCategory "4"]
[SourceTitle "CBM 062 Extra"]
[Source "ChessBase"]
[SourceDate "1998.03.09"]
[SourceVersion "1"]
[SourceVersionDate "1998.03.09"]
[SourceQuality "1"]

1. e4 c5 2. Nf3 Nc6 3. Bb5 g6 4. 0-0 Bg7 5. Re1 Nh6 6. c3 0-0 7. d3 d6 8. Nbd2 Bd7 9. Nf1 a6 10. Ba4 b5 11. Bb3 Rc8 12. a3 Kh8 13. h3 Na5 14. Ba2 c4 15. d4 e6 16. Bf4 Bc6 17. Qd2 Ng8 18. Ng3 Ba8 19. Rad1 f6 20. Qe2 Ne7 21. Bb1 Qd7 22. h4 Rce8 23. h5 g5 24. Bc1 Nb3 25. Qc2 Nxc1 26. Rxc1 Bh6 27. Rcd1 f5 28. d5 e5 29. Nxf5 Nxf5 30. exf5 g4 31. Nh2 Qg7 32. g3 Rf7 33. Re4 Qg5 34. Rxg4 Qxh5 35. Rh4 Qg5 36. Ng4 Rf6 37. Nxf6 Qxf6 38. Kg2 Rg8 39. Rdh1 Bxd5+ 40. f3 Rxg3+ 41. Kxg3 Qg5+ 42. Rg4 Qe3 43. Qf2 Bf4+ 44. Kg2 1-0

[Event "Morava-chT 9899"]
[Site "Czech Republic"]
[Date "1998.??.??"]
[Round "5"]
[White "Hladik, Josef"]
[Black "Kubala, Petr"]
[Result "1/2-1/2"]
[WhiteElo "2240"]
[BlackElo "2315"]
[PlyCount "75"]
[EventDate "1998.??.??"]
[EventType "tourn"]
[EventRounds "11"]
[EventCountry "CZE"]
[SourceTitle "EXT 2000"]
[Source "ChessBase"]
[SourceDate "1999.11.16"]
[SourceVersion "1"]
[SourceVersionDate "1999.11.16"]
[SourceQuality "1"]

1. d4 Nf6 2. g3 d5 3. Nf3 Bg4 4. Bg2 e6 5. 0-0 Bxf3 6. Bxf3 Be7 7. c4 c6 8. Qb3 Qb6 9. Nc3 Qxb3 10. axb3 Na6 11. e4 dxe4 12. Nxe4 0-0-0 13. Be3 Nxe4 14. Bxe4 f5 15. Bxc6 Nb4 16. Bg2 a6 17. Rad1 Nc2 18. Rd3 Bf6 19. Rfd1 Rd7 20. d5 Nxe3 21. Rxe3 exd5 22. Rxd5 Rxd5 23. Bxd5 f4 24. gxf4 a5 25. Kg2 Kc7 26. f5 Rd8 27. Kf3 Bxb2 28. Re7+ Rd7 29. Rxd7+ Kxd7 30. Bxb7 Kd6 31. Ke4 Kc5 32. Bd5 Bf6 33. Bf7 Bd4 34. f3 Bf6 35. h3 Bb2 36. h4 Bf6 37. h5 h6 38. Be8 1/2-1/2

[Event "Morava-chT 9899"]
[Site "Czech Republic"]
[Date "1998.??.??"]
[Round "1"]
[White "Kubala, Petr"]
[Black "Vechet, Stanislav"]
[Result "0-1"]
[WhiteElo "2315"]
[BlackElo "2240"]
[PlyCount "96"]
[EventDate "1998.??.??"]
[EventType "tourn"]
[EventRounds "11"]
[EventCountry "CZE"]
[SourceTitle "EXT 2000"]
[Source "ChessBase"]
[SourceDate "1999.11.16"]
[SourceVersion "1"]
[SourceVersionDate "1999.11.16"]
[SourceQuality "1"]

1. e4 e5 2. Nf3 Nc6 3. Bc4 Bc5 4. b4 Bxb4 5. c3 Be7 6. d4 Na5 7. Nxe5 Nxc4 8. Nxc4 d5 9. exd5 Qxd5 10. Ne3 Qd8 11. 0-0 Nf6 12. f4 0-0 13. Qf3 c6 14. f5 Nd5 15. Ng4 f6 16. c4 Nb6 17. Qd3 Bd7 18. Nc3 Be8 19. Bf4 Bf7 20. Ne3 Qd7 21. Rfd1 Rad8 22. Rab1 Rfe8 23. a4 Bf8 24. a5 Nc8 25. Rb2 b6 26. Qb1 Bd6 27. Bxd6 Rxe3 28. Bb4 Bxc4 29. axb6 axb6 30. Rf2 Rde8 31. h3 b5 32. Rf4 Nb6 33. Bc5 Qc7 34. Re4 Nd5 35. Nxd5 Bxd5 36. Rxe8+ Rxe8 37. Re1 Qd7 38. Rxe8+ Qxe8 39. Kf2 h6 40. Qd3 Kh7 41. g4 Qb8 42. Qg3 Qb7 43. Qc3 Qc7 44. Qg3 Qa5 45. Qe3 Qa2+ 46. Kg3 Qg2+ 47. Kf4 h5 48. Qg3 Qe4# 0-1

[Event "CZE-ch U18/20"]
[Site "Lazne Bohdanec"]
[Date "1998.??.??"]
[Round "?"]
[White "Simacek, Pavel"]
[Black "Kubala, Petr"]
[Result "1-0"]
[WhiteElo "2320"]
[BlackElo "2315"]
[PlyCount "105"]
[EventDate "1998.??.??"]
[EventType "tourn"]
[EventRounds "11"]
[EventCountry "CZE"]
[SourceTitle "EXT 2003"]
[Source "ChessBase"]
[SourceDate "2002.11.25"]
[SourceVersion "1"]
[SourceVersionDate "2002.11.25"]
[SourceQuality "1"]

1. e4 e6 2. d4 d5 3. e5 c5 4. c3 Qb6 5. Nf3 Nc6 6. a3 f6 7. Bd3 fxe5 8. dxe5 g6 9. 0-0 Bg7 10. c4 d4 11. Re1 Nge7 12. Nbd2 0-0 13. Nf1 Bd7 14. Qe2 a5 15. h4 Qc7 16. h5 Rxf3 17. Qxf3 Rf8 18. Qg3 Bxe5 19. Qg4 Bg7 20. hxg6 hxg6 21. Bg5 Nf5 22. Bf4 e5 23. Bh2 Nce7 24. Qe2 Nc6 25. Rad1 Qd8 26. Be4 Qg5 27. Bd5+ Kh7 28. Rd3 Nd6 29. Rg3 Qe7 30. Nd2 Bh6 31. Rd3 Bf5 32. Ne4 Nf7 33. Rb3 Rd8 34. Qf3 a4 35. Rb5 d3 36. Bxf7 Nd4 37. Qxd3 Nxb5 38. Bd5 Nd4 39. Qc3 Qh4 40. Bg3 Qe7 41. Bxe5 Bg7 42. Bxg7 Kxg7 43. Ng3 Qh4 44. Nxf5+ gxf5 45. Qa5 Qg5 46. Qxc5 Ne2+ 47. Kf1 Re8 48. Qc7+ Re7 49. Qb8 Kh7 50. Qg8+ Qxg8 51. Bxg8+ Kxg8 52. Rxe2 Rc7 53. Rc2 1-0

[Event "CZE-ch U18/20"]
[Site "Lazne Bohdanec"]
[Date "1998.??.??"]
[Round "?"]
[White "Smistik, Milan"]
[Black "Kubala, Petr"]
[Result "1-0"]
[WhiteElo "2105"]
[BlackElo "2315"]
[PlyCount "129"]
[EventDate "1998.??.??"]
[EventType "tourn"]
[EventRounds "11"]
[EventCountry "CZE"]
[SourceTitle "EXT 2003"]
[Source "ChessBase"]
[SourceDate "2002.11.25"]
[SourceVersion "1"]
[SourceVersionDate "2002.11.25"]
[SourceQuality "1"]

1. e4 c5 2. Nf3 Nc6 3. d4 cxd4 4. Nxd4 e6 5. Nc3 Qc7 6. g3 a6 7. Bg2 Nf6 8. 0-0 Nxd4 9. Qxd4 Bc5 10. Qd3 d6 11. Be3 Bxe3 12. Qxe3 Bd7 13. Rad1 Bc6 14. Rd2 0-0 15. Rfd1 Rfd8 16. h3 Rd7 17. Ne2 b5 18. Nf4 Rad8 19. Nd3 Qb7 20. f3 Qa8 21. Nb4 Bb7 22. c3 h6 23. Kh2 a5 24. Nd3 Kf8 25. Nf2 Qc8 26. Qb6 Qc5 27. Rxd6 Qxb6 28. Rxb6 Rxd1 29. Nxd1 Bxe4 30. fxe4 Rxd1 31. Rxb5 Rd2 32. Kg1 g5 33. g4 Nd7 34. a4 Rc2 35. b4 axb4 36. cxb4 Ke7 37. e5 Kd8 38. a5 Kc7 39. Rb7+ Kc8 40. a6 Ra2 41. b5 Nxe5 42. Be4 Ra1+ 43. Kf2 Ra2+ 44. Kf1 Ra1+ 45. Ke2 Ra4 46. Bh1 Ra2+ 47. Ke3 Nc4+ 48. Kd4 Nd6 49. Rb6 Kd7 50. Bb7 Ra1 51. Bg2 Ra2 52. Bf1 f6 53. Bd3 Ra1 54. Rb8 Kc7 55. Rf8 Rd1 56. Kc3 Rc1+ 57. Kb4 Kb6 58. Rxf6 Rd1 59. Be2 Rb1+ 60. Ka3 Nxb5+ 61. Bxb5 Kxb5 62. Rxe6 h5 63. gxh5 Rg1 64. h6 Rg3+ 65. Kb2 1-0

[Event "Decin op"]
[Site "Decin"]
[Date "1997.??.??"]
[Round "6"]
[White "Dochev, Dimitar"]
[Black "Kubala, Petr"]
[Result "1/2-1/2"]
[WhiteElo "2385"]
[BlackElo "2260"]
[PlyCount "42"]
[EventDate "1997.??.??"]
[EventType "swiss"]
[EventRounds "9"]
[EventCountry "CZE"]
[SourceTitle "EXT 1998"]
[Source "ChessBase"]
[SourceDate "1997.11.17"]
[SourceVersion "1"]
[SourceVersionDate "1997.11.17"]
[SourceQuality "1"]

1. e4 c5 2. Nf3 e6 3. d4 cxd4 4. Nxd4 Nc6 5. Nc3 Qc7 6. Be3 a6 7. Qd2 Nf6 8. f3 b5 9. g4 h6 10. h4 Bb7 11. Rg1 Nxd4 12. Bxd4 e5 13. Bf2 Rc8 14. 0-0-0 Bb4 15. g5 Nh5 16. Bh3 Rd8 17. Be3 Bxc3 18. Qxc3 Qxc3 19. bxc3 hxg5 20. Bxg5 f6 21. Be3 d5 1/2-1/2

[Event "Decin op"]
[Site "Decin"]
[Date "1997.??.??"]
[Round "8"]
[White "Horak, Michal"]
[Black "Kubala, Petr"]
[Result "1/2-1/2"]
[WhiteElo "2330"]
[BlackElo "2260"]
[PlyCount "83"]
[EventDate "1997.??.??"]
[EventType "swiss"]
[EventRounds "9"]
[EventCountry "CZE"]
[SourceTitle "EXT 1998"]
[Source "ChessBase"]
[SourceDate "1997.11.17"]
[SourceVersion "1"]
[SourceVersionDate "1997.11.17"]
[SourceQuality "1"]

1. e4 c5 2. Nc3 e6 3. g3 Nc6 4. Bg2 g6 5. d3 Bg7 6. f4 Nge7 7. Nf3 d5 8. 0-0 b6 9. e5 h5 10. Nh4 Bh6 11. a4 Nd4 12. Ne2 Ndf5 13. Nxf5 Nxf5 14. c3 Bf8 15. h3 Bb7 16. Kh2 Qc7 17. Bd2 Be7 18. Qb3 Ba6 19. c4 dxc4 20. dxc4 Rd8 21. Rfd1 Nd4 22. Nxd4 Rxd4 23. Rac1 Qd7 24. Be3 Bxc4 25. Qc2 Rxd1 26. Rxd1 Bd5 27. Qd3 Bc6 28. Qxd7+ Bxd7 29. a5 Bb5 30. axb6 axb6 31. Ra1 Bd8 32. Ra7 0-0 33. Rb7 Bc4 34. Rd7 Bb5 35. Rb7 Ba6 36. Ra7 Bb5 37. Rb7 Bc4 38. Rd7 Kg7 39. h4 Bb5 40. Rb7 Ba6 41. Ra7 Bb5 42. Rb7 1/2-1/2

[Event "CZE-ch U20"]
[Site "Prague"]
[Date "1997.??.??"]
[Round "11"]
[White "Kalod, Radek"]
[Black "Kubala, Petr"]
[Result "1-0"]
[WhiteElo "2455"]
[BlackElo "2305"]
[PlyCount "79"]
[EventDate "1997.??.??"]
[EventType "tourn"]
[EventRounds "11"]
[EventCountry "CZE"]
[SourceTitle "EXT 1998"]
[Source "ChessBase"]
[SourceDate "1997.11.17"]
[SourceVersion "1"]
[SourceVersionDate "1997.11.17"]
[SourceQuality "1"]

1. e4 c5 2. Nf3 e6 3. d4 cxd4 4. Nxd4 Nc6 5. Nc3 Qc7 6. Be3 a6 7. Bd3 Nf6 8. 0-0 Ne5 9. h3 Bc5 10. Kh1 d6 11. f4 Ng6 12. Qd2 0-0 13. Nb3 Bxe3 14. Qxe3 e5 15. fxe5 dxe5 16. Rxf6 gxf6 17. Nd5 Qd8 18. Rf1 Be6 19. Nxf6+ Kg7 20. h4 Rh8 21. Nc5 Nf4 22. Qg3+ Kf8 23. Nxe6+ fxe6 24. Qg5 Qc7 25. Ng4 Ke8 26. Nxe5 Ng6 27. Ng4 Qe7 28. Nf6+ Kd8 29. h5 Nf8 30. h6 Nd7 31. e5 Rf8 32. Be4 Kc8 33. Rf3 Ra7 34. Nxh7 Qxg5 35. Nxg5 Rh8 36. Nf7 Nxe5 37. Nxh8 Nxf3 38. gxf3 b6 39. h7 Rg7 40. Nf7 1-0

[Event "CZE-ch U20"]
[Site "Prague"]
[Date "1997.??.??"]
[Round "4"]
[White "Kubala, Petr"]
[Black "Dolezal, Radoslav"]
[Result "1/2-1/2"]
[WhiteElo "2305"]
[BlackElo "2320"]
[PlyCount "82"]
[EventDate "1997.??.??"]
[EventType "tourn"]
[EventRounds "11"]
[EventCountry "CZE"]
[SourceTitle "EXT 1998"]
[Source "ChessBase"]
[SourceDate "1997.11.17"]
[SourceVersion "1"]
[SourceVersionDate "1997.11.17"]
[SourceQuality "1"]

1. e4 e5 2. Nf3 Nc6 3. Bc4 Bc5 4. b4 Bxb4 5. c3 Bf8 6. d4 Qe7 7. 0-0 Nf6 8. Ng5 Nd8 9. f4 d6 10. fxe5 dxe5 11. Ba3 Qd7 12. Bxf8 Rxf8 13. Na3 Qe7 14. Qb3 c6 15. h3 Be6 16. Rad1 b5 17. Bxe6 Nxe6 18. Nf3 Nd7 19. d5 Nec5 20. Qc2 Qd6 21. c4 a6 22. dxc6 Qxc6 23. cxb5 Qxe4 24. Qd2 f6 25. Rfe1 Qa4 26. Qd5 axb5 27. Nxb5 Qxb5 28. Qxa8+ Ke7 29. Qd5 Qb6 30. Kh1 Qe6 31. Qd2 Ra8 32. Re2 Ra4 33. Rc1 Qd6 34. Qc2 Qd3 35. Qxd3 Nxd3 36. Rc3 Nb4 37. a3 Nd5 38. Rb3 Nc5 39. Rb5 Nc3 40. Rxe5+ fxe5 41. Rxc5 Rxa3 1/2-1/2

[Event "Decin op"]
[Site "Decin"]
[Date "1997.??.??"]
[Round "7"]
[White "Kubala, Petr"]
[Black "Gipslis, Aivars P"]
[Result "1-0"]
[WhiteElo "2260"]
[BlackElo "2465"]
[PlyCount "143"]
[EventDate "1997.??.??"]
[EventType "swiss"]
[EventRounds "9"]
[EventCountry "CZE"]
[SourceTitle "EXT 1998"]
[Source "ChessBase"]
[SourceDate "1997.11.17"]
[SourceVersion "1"]
[SourceVersionDate "1997.11.17"]
[SourceQuality "1"]

1. e4 c5 2. Nf3 e6 3. c4 Nc6 4. Nc3 Nf6 5. Be2 d5 6. exd5 exd5 7. d4 Be7 8. Be3 cxd4 9. Nxd4 0-0 10. Nxc6 bxc6 11. 0-0 Be6 12. cxd5 Nxd5 13. Nxd5 Bxd5 14. b3 a5 15. Qc2 Bd6 16. Bc4 Bxc4 17. Qxc4 Qb8 18. h3 Qb5 19. Rac1 Rfc8 20. Rfd1 Qe5 21. g3 Qf6 22. Qe4 Ba3 23. Rc4 h6 24. Bd4 Qg5 25. Qf3 Bf8 26. Bc3 Qg6 27. Rg4 Qe6 28. Re1 Qd6 29. Rd1 Qe6 30. Re1 Qd6 31. Be5 Qd7 32. Qf4 f5 33. Qc4+ Qd5 34. Rf4 Qxc4 35. Rxc4 Re8 36. Rxc6 a4 37. Rb6 axb3 38. axb3 Bc5 39. Rb5 Bd4 40. Kf1 Bxe5 41. Rexe5 Rxe5 42. Rxe5 Rb8 43. Re3 Kf7 44. Ke2 g5 45. Kd2 f4 46. Rd3 fxg3 47. fxg3 Ke6 48. Kc3 Rc8+ 49. Kb2 Rb8 50. g4 Ke5 51. Rc3 Kd5 52. Rf3 Kd4 53. Rf6 Rh8 54. Rg6 Ke5 55. b4 Rf8 56. Rxh6 Rf3 57. Rh5 Kd4 58. Rxg5 Rxh3 59. b5 Kc4 60. Kc2 Rh2+ 61. Kd1 Kd3 62. Rd5+ Kc4 63. Rd2 Rh4 64. Rg2 Kxb5 65. Ke2 Kc5 66. Kf3 Kd6 67. Re2 Rh7 68. Kf4 Re7 69. Rxe7 Kxe7 70. Kg5 Kf7 71. Kh6 Kg8 72. Kg6 1-0

[Event "Bratislava Slovan op"]
[Site "Bratislava"]
[Date "1997.??.??"]
[Round "6"]
[White "Kubala, Petr"]
[Black "Hebelka, Milos"]
[Result "0-1"]
[WhiteElo "2305"]
[BlackElo "2140"]
[PlyCount "138"]
[EventDate "1997.??.??"]
[EventType "swiss"]
[EventRounds "9"]
[EventCountry "SVK"]
[SourceTitle "EXT 1998"]
[Source "ChessBase"]
[SourceDate "1997.11.17"]
[SourceVersion "1"]
[SourceVersionDate "1997.11.17"]
[SourceQuality "1"]

1. e4 g6 2. d4 Bg7 3. Nf3 d6 4. h3 Nd7 5. Be3 c6 6. Qd2 b5 7. a4 bxa4 8. Nc3 Ngf6 9. e5 Nd5 10. exd6 exd6 11. Nxd5 cxd5 12. Bg5 f6 13. Bf4 0-0 14. Bd3 Re8+ 15. Kf1 Nb6 16. Qb4 Bf8 17. b3 a5 18. Qc3 Bd7 19. g4 axb3 20. cxb3 a4 21. Kg2 Rc8 22. Qb2 axb3 23. Qxb3 Nc4 24. Nd2 Be6 25. Ra2 Bf7 26. h4 Qd7 27. Qd1 Be6 28. Kg3 Ra8 29. Rc2 Ra3 30. Nb1 Bxg4 31. f3 Rxd3 32. Qxd3 Bf5 33. Qb3 Bxc2 34. Qxc2 Qf7 35. Kf2 Rb8 36. Bc1 h5 37. Rg1 Kh7 38. Kg3 f5 39. Nc3 Bg7 40. Ne2 Re8 41. Qd3 Qa7 42. Kh3 Rxe2 43. Qxe2 Qxd4 44. Qg2 Qf6 45. Bg5 Qf7 46. Re1 f4 47. Qc2 Ne3 48. Qe2 d4 49. Kh2 Qf5 50. Kg1 Bf6 51. Bxf6 Qxf6 52. Qf2 d3 53. Rb1 d2 54. Qxd2 Qxh4 55. Qf2 Qg5+ 56. Kh1 Nf5 57. Qg2 Ng3+ 58. Kh2 Qe7 59. Rb4 Nf5 60. Re4 Qf6 61. Qh3 Kh6 62. Qg2 d5 63. Rb4 d4 64. Rb3 Ne3 65. Qb2 Qh4+ 66. Kg1 Qg3+ 67. Kh1 Qxf3+ 68. Kh2 Qf1 69. Qd2 Ng4# 0-1

[Event "CZE-ch U20"]
[Site "Prague"]
[Date "1997.??.??"]
[Round "8"]
[White "Kubala, Petr"]
[Black "Oral, Tomas"]
[Result "0-1"]
[WhiteElo "2305"]
[BlackElo "2415"]
[PlyCount "82"]
[EventDate "1997.??.??"]
[EventType "tourn"]
[EventRounds "11"]
[EventCountry "CZE"]
[SourceTitle "EXT 1998"]
[Source "ChessBase"]
[SourceDate "1997.11.17"]
[SourceVersion "1"]
[SourceVersionDate "1997.11.17"]
[SourceQuality "1"]

1. e4 c5 2. Nf3 e6 3. c4 b6 4. Nc3 Bb7 5. d4 cxd4 6. Nxd4 d6 7. g3 a6 8. Bg2 Qc7 9. Qe2 Nd7 10. Bd2 Rc8 11. b3 g6 12. Rc1 Bg7 13. Be3 Ngf6 14. 0-0 0-0 15. h3 Qb8 16. g4 Nc5 17. f3 d5 18. b4 Ncd7 19. cxd5 exd5 20. exd5 Rfe8 21. Nc6 Bxc6 22. dxc6 Rxc6 23. f4 Rxc3 24. Rxc3 Nxg4 25. hxg4 Bxc3 26. Rd1 Bxb4 27. Rxd7 Bc5 28. Kh1 Rxe3 29. Qc4 Qe8 30. Rxf7 b5 31. Qxc5 Kxf7 32. Bd5+ Kg7 33. Qd4+ Kh6 34. g5+ Kh5 35. Kg2 Kh4 36. Bf3 Re2+ 37. Bxe2 Qxe2+ 38. Kg1 Kg3 39. Qc3+ Qf3 40. Qe1+ Kxf4 41. Qb4+ Kxg5 0-1

[Event "Moravia-ch"]
[Site "Moravia"]
[Date "1997.??.??"]
[Round "?"]
[White "Kubala, Petr"]
[Black "Riska, Lubomir"]
[Result "0-1"]
[WhiteElo "2305"]
[BlackElo "2060"]
[PlyCount "96"]
[EventDate "1997.??.??"]
[EventType "swiss"]
[EventRounds "9"]
[EventCountry "CZE"]
[SourceTitle "EXT 1999"]
[Source "ChessBase"]
[SourceDate "1998.11.16"]
[SourceVersion "1"]
[SourceVersionDate "1998.11.16"]
[SourceQuality "1"]

1. e4 c5 2. Nf3 e6 3. c4 a6 4. Nc3 Nc6 5. d4 cxd4 6. Nxd4 Qc7 7. Be2 Nf6 8. 0-0 Bd6 9. Kh1 Bf4 10. Nxc6 dxc6 11. Bxf4 Qxf4 12. g3 Qc7 13. f4 e5 14. c5 Bh3 15. Rf2 Rd8 16. Qc2 h5 17. f5 Qa5 18. Bf1 Bxf1 19. Raxf1 Qxc5 20. Nd5 Qxc2 21. Nxf6+ gxf6 22. Rxc2 Rd4 23. Re1 Ke7 24. Kg2 Kd6 25. Kf3 c5 26. Re3 Rc8 27. g4 hxg4+ 28. Kxg4 b5 29. h4 a5 30. h5 Rg8+ 31. Kf3 Rh8 32. Rh2 Rh6 33. Ra3 a4 34. Ke3 c4 35. Rc3 b4 36. Rc1 Rd3+ 37. Ke2 Kc5 38. Rg1 Kd4 39. Rg7 c3 40. Ke1 Kxe4 41. Rxf7 Kxf5 42. Rb7 cxb2 43. Rxb2 b3 44. axb3 axb3 45. R7xb3 Rxb3 46. Rxb3 Rxh5 47. Rf3+ Ke6 48. Ra3 Rh2 0-1

[Event "Plzen KB op-A U18"]
[Site "Plzen"]
[Date "1997.??.??"]
[Round "7"]
[White "Kubala, Petr"]
[Black "Skatchkov, Pavel"]
[Result "1-0"]
[WhiteElo "2260"]
[BlackElo "2435"]
[PlyCount "71"]
[EventDate "1997.??.??"]
[EventType "swiss"]
[EventRounds "9"]
[EventCountry "CZE"]
[SourceTitle "EXT 1998"]
[Source "ChessBase"]
[SourceDate "1997.11.17"]
[SourceVersion "1"]
[SourceVersionDate "1997.11.17"]
[SourceQuality "1"]

1. e4 c5 2. Nf3 Nc6 3. Bb5 Nf6 4. Nc3 Nd4 5. Bc4 d6 6. Nxd4 cxd4 7. Nd5 Nxe4 8. Qe2 Nc5 9. b4 Nd7 10. Bb2 e6 11. Bxd4 b6 12. 0-0 Bb7 13. Rae1 Be7 14. Nxe7 Qxe7 15. f4 Rg8 16. a4 g5 17. f5 e5 18. a5 bxa5 19. bxa5 Nf6 20. a6 Bc6 21. Bb5 Bxb5 22. Qxb5+ Qd7 23. Qb4 Rc8 24. Rf3 Nd5 25. Qb7 Ne7 26. Bxe5 Rc7 27. Qb8+ Rc8 28. Qxd6 Rc6 29. Qb4 f6 30. Rd3 Nd5 31. Bd6+ Kf7 32. Rxd5 Re8 33. Rxe8 Qxe8 34. Qb7+ Kg8 35. Be7 Rb6 36. Rd8 1-0

[Event "Plzen KB op-A U18"]
[Site "Plzen"]
[Date "1997.??.??"]
[Round "2"]
[White "Kubala, Petr"]
[Black "Stocek, Jiri"]
[Result "0-1"]
[WhiteElo "2260"]
[BlackElo "2470"]
[PlyCount "56"]
[EventDate "1997.??.??"]
[EventType "swiss"]
[EventRounds "9"]
[EventCountry "CZE"]
[SourceTitle "EXT 1998"]
[Source "ChessBase"]
[SourceDate "1997.11.17"]
[SourceVersion "1"]
[SourceVersionDate "1997.11.17"]
[SourceQuality "1"]

1. e4 c5 2. Nf3 d6 3. Bb5+ Nd7 4. 0-0 a6 5. Bxd7+ Bxd7 6. d4 cxd4 7. Qxd4 e5 8. Qd3 h6 9. Nc3 Nf6 10. a4 Be7 11. a5 Rc8 12. Be3 Qc7 13. Nd2 0-0 14. Rfc1 Be6 15. Nd5 Nxd5 16. exd5 Bg4 17. c4 f5 18. f3 e4 19. fxe4 Bf6 20. Bd4 Bg5 21. Be3 Bf6 22. Qb3 Be5 23. h3 Be2 24. Bb6 Qf7 25. Re1 Qh5 26. exf5 Rxf5 27. Qe3 Bg4 28. hxg4 Qh2# 0-1

[Event "Bratislava Slovan op"]
[Site "Bratislava"]
[Date "1997.??.??"]
[Round "4"]
[White "Kubala, Petr"]
[Black "Theissl Pokorna, Regina"]
[Result "0-1"]
[WhiteElo "2305"]
[BlackElo "2195"]
[PlyCount "88"]
[EventDate "1997.??.??"]
[EventType "swiss"]
[EventRounds "9"]
[EventCountry "SVK"]
[SourceTitle "EXT 1998"]
[Source "ChessBase"]
[SourceDate "1997.11.17"]
[SourceVersion "1"]
[SourceVersionDate "1997.11.17"]
[SourceQuality "1"]

1. e4 e5 2. Nf3 Nc6 3. Bc4 Nf6 4. d3 Be7 5. c3 0-0 6. Nbd2 d6 7. Bb3 Na5 8. Ba4 c5 9. a3 Qc7 10. c4 Bd7 11. b4 cxb4 12. axb4 Nc6 13. Rb1 g6 14. 0-0 Nh5 15. Re1 Nf4 16. Nf1 Bg4 17. Bxc6 bxc6 18. h3 Bxf3 19. Qxf3 Ne6 20. Bh6 Nd4 21. Qg3 Rfb8 22. Ne3 a5 23. Nf5 Nxf5 24. exf5 Rxb4 25. fxg6 hxg6 26. h4 Qd8 27. Bd2 Bxh4 28. Qe3 Rxb1 29. Rxb1 Bf6 30. Rf1 d5 31. f4 Qd6 32. fxe5 Bxe5 33. c5 Qc7 34. Qg5 Bd4+ 35. Kh1 Qe5 36. Qh4 Qh8 37. Rf4 Qxh4+ 38. Rxh4 Bxc5 39. Ra4 Bb6 40. Kh2 Kf8 41. Kg3 Ke7 42. Kf4 Kd6 43. Kg5 c5 44. Kf6 Ra7 0-1

[Event "Bratislava Slovan op"]
[Site "Bratislava"]
[Date "1997.??.??"]
[Round "9"]
[White "Kubala, Petr"]
[Black "Todor, Razvan"]
[Result "1-0"]
[WhiteElo "2305"]
[BlackElo "2130"]
[PlyCount "99"]
[EventDate "1997.??.??"]
[EventType "swiss"]
[EventRounds "9"]
[EventCountry "SVK"]
[SourceTitle "EXT 1998"]
[Source "ChessBase"]
[SourceDate "1997.11.17"]
[SourceVersion "1"]
[SourceVersionDate "1997.11.17"]
[SourceQuality "1"]

1. e4 e6 2. f4 d5 3. e5 c5 4. Nf3 Nc6 5. c3 Qb6 6. Na3 Nh6 7. Nc2 c4 8. Ne3 Bc5 9. b3 Nf5 10. Nxf5 Bf2+ 11. Ke2 exf5 12. Ba3 Bc5 13. Bxc5 Qxc5 14. d4 cxd3+ 15. Qxd3 0-0 16. Qe3 Qa3 17. Kf2 Qb2+ 18. Be2 Be6 19. Qc1 Qxc1 20. Raxc1 f6 21. exf6 Rxf6 22. Rhe1 Kf8 23. Bb5 Rd8 24. Ke3 Bd7 25. Bxc6 Bxc6 26. Kd4 Re8 27. Rxe8+ Kxe8 28. Re1+ Kd7 29. Re5 g6 30. g3 h6 31. h4 h5 32. Ne1 b6 33. Nc2 Bb7 34. Ne3 b5 35. Nxd5 Ra6 36. Re7+ Kc8 37. Nb4 Rf6 38. Ke5 Rb6 39. Re6 Kd7 40. Rxb6 axb6 41. Nd5 Kc6 42. b4 Kd7 43. Nxb6+ Ke7 44. c4 bxc4 45. Nxc4 Bc6 46. Nb6 Be8 47. a4 Bc6 48. Nd5+ Kd7 49. b5 Ba8 50. Nb6+ 1-0

[Event "CZE-ch U20"]
[Site "Prague"]
[Date "1997.??.??"]
[Round "1"]
[White "Neuman, Petr"]
[Black "Kubala, Petr"]
[Result "1-0"]
[WhiteElo "2290"]
[BlackElo "2305"]
[PlyCount "121"]
[EventDate "1997.??.??"]
[EventType "tourn"]
[EventRounds "11"]
[EventCountry "CZE"]
[SourceTitle "EXT 1998"]
[Source "ChessBase"]
[SourceDate "1997.11.17"]
[SourceVersion "1"]
[SourceVersionDate "1997.11.17"]
[SourceQuality "1"]

1. d4 Nf6 2. c4 Nc6 3. Nc3 e5 4. d5 Ne7 5. a3 Ng6 6. h4 h5 7. g3 a5 8. Nh3 d6 9. Ng5 Be7 10. Qc2 Nf8 11. Bg2 N6h7 12. Nh3 Bd7 13. b3 f5 14. f4 e4 15. Bb2 Nf6 16. Ng5 c5 17. dxc6 bxc6 18. Na4 Ne6 19. Bh3 g6 20. c5 d5 21. b4 axb4 22. axb4 0-0 23. 0-0 Rb8 24. Qd2 Ne8 25. Be5 Rb5 26. Nxe6 Bxe6 27. Nb6 Rxb6 28. cxb6 Qxb6+ 29. Bd4 Qxb4 30. Qxb4 Bxb4 31. Rfc1 Bd7 32. Ra7 Rf7 33. e3 Nd6 34. Ra4 c5 35. Ra8+ Rf8 36. Rxf8+ Kxf8 37. Bxc5 Bxc5 38. Rxc5 Nc4 39. Kf2 Be6 40. Bf1 Nd6 41. Rc7 Ke8 42. Ke1 Kd8 43. Ra7 Bd7 44. Kd2 Ke8 45. Ra5 Be6 46. Kc3 Ke7 47. Kd4 Kf6 48. Ra6 Ke7 49. Ra7+ Kf6 50. Kc5 Nf7 51. Be2 Nh6 52. Bd1 Bf7 53. Ra6+ Ke7 54. Kd4 Be6 55. Rb6 Nf7 56. Bb3 Nh6 57. Bxd5 Bxd5 58. Rxg6 Ng4 59. Rxg4 Bf7 60. Rg7 Kf6 61. Rxf7+ 1-0

[Event "Decin op"]
[Site "Decin"]
[Date "1997.??.??"]
[Round "3"]
[White "Nikolov, Sasho"]
[Black "Kubala, Petr"]
[Result "0-1"]
[WhiteElo "2390"]
[BlackElo "2260"]
[PlyCount "108"]
[EventDate "1997.??.??"]
[EventType "swiss"]
[EventRounds "9"]
[EventCountry "CZE"]
[SourceTitle "EXT 1998"]
[Source "ChessBase"]
[SourceDate "1997.11.17"]
[SourceVersion "1"]
[SourceVersionDate "1997.11.17"]
[SourceQuality "1"]

1. d4 Nf6 2. c4 e6 3. Nc3 Bb4 4. Qc2 c5 5. dxc5 Bxc5 6. Nf3 0-0 7. Bg5 Be7 8. e4 d6 9. Rd1 Nc6 10. Be2 Qa5 11. 0-0 Rd8 12. a3 a6 13. Bc1 Rd7 14. b4 Qd8 15. Na4 b6 16. Be3 Rb8 17. Nd2 Rdb7 18. Nb3 Bd7 19. Nc3 Ne5 20. f4 Neg4 21. Bc1 b5 22. c5 dxc5 23. e5 cxb4 24. exf6 Qb6+ 25. Kh1 Nxf6 26. axb4 Rc8 27. Qd3 Bxb4 28. Bb2 Bc6 29. Qg3 g6 30. Nd4 Bxc3 31. Qxc3 Bxg2+ 32. Kxg2 Rxc3 33. Bxc3 Nd5 34. Bb2 Ne3+ 35. Kg3 Rd7 36. Kf3 Nxf1 37. Bxf1 Qb7+ 38. Ke3 Qh1 39. Be2 Qg2 40. Rc1 Rd8 41. Nf3 Qh3 42. Bf6 Ra8 43. Bd3 Qh6 44. Be4 Re8 45. Ra1 Qf8 46. Rxa6 Qc5+ 47. Ke2 Qc4+ 48. Bd3 Qxf4 49. Be5 Qb4 50. Rb6 Rd8 51. Bf6 Ra8 52. Rxb5 Qf4 53. Bb2 Ra2 54. Kf2 Qf6 0-1